| 000 -ლიდერი |
| ფიქსირებული სიგრძის საკონტროლო ველი |
01863nam a2200289Ia 4500 |
| 001 - საკონტროლო ნომერი |
| საკონტროლო ველი |
23296 |
| 003 - საკონტროლო ნომრის იდენტიფიკატორი |
| საკონტროლო ველი |
GE_BSU |
| 005 - ბოლო ოპერაციის თარიღი და დრო |
| საკონტროლო ველი |
20230728135045.0 |
| 008 - ფიქსირებული სიგრძის მონაცემთა ელემენტები - ზოგადი ინფორმაცია |
| ფიქსირებული სიგრძის საკონტროლო ველი |
181216s2016||||ge |||||||||||||| ||geo|| |
| 040 ## - კატალოგიზაციის წყარო |
| Transcribing agency |
GE_BSU |
| 041 ## - ენის კოდი |
| Language code of text/sound track or separate title |
geo |
| 080 ## - უნივერსალური ათობითი კლასიფიკაციის ინდექსი |
| Universal Decimal Classification number |
8171.353.1'33.232+94(479.22)+39(479.22) ი-40 |
| 100 ## - მთავარი ჩანაწერი - პიროვნების სახელი |
| Personal name |
ითონიშვილი, ვახტანგ |
| 9 (RLIN) |
19557 |
| 245 ## - ცნობა სათაურის შესახებ |
| Title |
დვალები და დვალეთი. წ. 1 / |
| Statement of responsibility, etc |
ვახტანგ ითონიშვილი ; რედაქტორი ვალერიან ითონიშვილი ; კარტოგრაფი ალექსანდრე ნაზღაიძე. |
| 264 ## - წარმოების, გამოცემის, დისტრიბუციის და სხვა ცნობები |
| გამოცემის, წარმოების, დისტრიბუციის... ადგილი |
თბილისი : |
| გამოცემის, წარმოების, დისტრიბუციის... სახელწოდება |
საქ. მეცნ. ეროვნული აკადემიის სტამბა, |
| გამოცემის, წარმოების, დისტრიბუციის... თარიღი |
2016. |
| 300 ## - ფიზიკური აღწერა |
| Extent |
248 გვ. ; |
| Dimensions |
26 სმ. |
| 653 ## - INDEX TERM--UNCONTROLLED |
| Uncontrolled term |
დვალები და დვალეთი. წ. 1 |
| 653 ## - INDEX TERM--UNCONTROLLED |
| Uncontrolled term |
ქართული გვარების ისტორია |
| 653 ## - INDEX TERM--UNCONTROLLED |
| Uncontrolled term |
ქართული გვარ-სახელები |
| 653 ## - INDEX TERM--UNCONTROLLED |
| Uncontrolled term |
ქართული სოფლების ისტორია |
| 653 ## - INDEX TERM--UNCONTROLLED |
| Uncontrolled term |
საქართველოს ეთნოგრაფია |
| 700 ## - ADDED ENTRY--PERSONAL NAME |
| Personal name |
ითონიშვილი, ვალერიან |
| Relator term |
რედაქტორი |
| 9 (RLIN) |
4614 |
| 700 ## - ADDED ENTRY--PERSONAL NAME |
| Personal name |
ნაზღაიძე, ალექსანდრე |
| Relator term |
კარტოგრაფი |
| 9 (RLIN) |
19558 |
| 710 ## - ADDED ENTRY--CORPORATE NAME |
| Corporate name or jurisdiction name as entry element |
საქართველოს მეცნებათა ეროვნული აკადემია |
| Subordinate unit |
ისტორიის, ეთნოლოგიის, რელიგიის შესწავლისა და პროპაგანდის სამეცნიერო ცენტრი |
| 9 (RLIN) |
19559 |
| 942 ## - ADDED ENTRY ELEMENTS (KOHA) |
| Koha item type |
წიგნი |
| Source of classification or shelving scheme |
|